Landlocked U.S.A. States - Statistics

General Stats
  • This quiz has been taken 45 times
  • The average score is 15 of 15
Answer Stats
Question Answer % Correct
Which of these states is landlocked? Arizona
100%
Which of these states is landlocked? Illinois
100%
Which of these states is landlocked? Indiana
100%
Which of these states is landlocked? Kentucky
100%
Which of these states is landlocked? MIssouri
100%
Which of these states is landlocked? Montana
100%
Which of these states is landlocked? Nevada
100%
Which of these states is landlocked? Pennsylvania
100%
Which of these states is landlocked? South Dakota
100%
Which of these states is landlocked? Tennessee
100%
Which of these states is landlocked? Utah
100%
Which of these states is landlocked? West Virginia
100%
Which of these states is landlocked? Colorado
88%
Which of these states is landlocked? Wyoming
88%
Which of these states is landlocked? MIchigan
75%
No matching quizzes found
Score Distribution
Percent of People with Each Score
Percentile by Number Answered
Your Score History
You have not taken this quiz